Score 0/8 Timer 01:00
0 Plays Today
% Correct
Seth Macfarlane (Captain Ed Mercer)
97.8%
Peter Macon (Lieutenant Cmdr. Bortus)
95.6%
Adrianne Palicki (Commander Kelly Grayson)
93.3%
Penny Johnson Jerald (Doctor Claire Finn)
93.3%
Halston Sage (Lieutenant Alara Kitan)
88.9%
Mark Jackson (Isaac)
88.9%
Scott Grimes (Lieutenant Gordon Malloy)
86.7%
J Lee (Lieutenant John LaMarr)
86.7%
Remove Ads.
Support Sporcle.
Get the best of Sporcle when you Go Orange. This ad-free experience offers more features, more stats, and more fun while also helping to support Sporcle. Thank you for becoming a member.

You're not logged in!

Compare scores with friends on all Sporcle quizzes.
OR
Log In

Show Comments

Extras

Created Sep 26, 2019ReportNominate
Tags:Character

Top Quizzes Today


Score Distribution

Your Account Isn't Verified!

In order to create a playlist on Sporcle, you need to verify the email address you used during registration. Go to your Sporcle Settings to finish the process.

Report this User

Report this user for behavior that violates our Community Guidelines.

Details: